Descrizioni di descrizioni /

Gespeichert in:
Bibliographische Detailangaben
1. Verfasser: Pasolini, Pier Paolo (Verfasst von)
Weitere Verfasser: Chiarcossi, Graziella, Mauri, Paolo, (1945-2022)
Format: Buch
Sprache:Italienisch
Veröffentlicht: Milano : Garzanti, 2006
Schriftenreihe:Saggi
Schlagworte:
Tags: Tag hinzufügen
Keine Tags, Fügen Sie das erste Tag hinzu!

MARC

LEADER 00000nam a22000007i 4500
001 IT\ICCU\MIL\0707121
003 ItRI
005 20260115231900.0
008 060714s2006 it |||||| ||||| |||||c
020 |a 8811675111 
040 |b ita  |c importazione bologna sebina 
041 7 |a ita  |2 ISO-639-2 
082 |a 809.034  |9 STORIA, DESCRIZIONE, STUDI CRITICI DI PIU DI DUE LETTERATURE. 1800-1899  |2 21 
100 1 |a Pasolini, Pier Paolo  |0 IT\ICCU\CFIV\001068  |4 aut 
240 1 0 |a Descrizioni di descrizioni  |3 IT\ICCU\UBO\2410853  |9 Pasolini, Pier Paolo 
245 1 0 |a Descrizioni di descrizioni /  |c Pier Paolo Pasolini ; a cura di Graziella Chiarcossi ; introduzione di Paolo Mauri. 
260 |a Milano :  |b Garzanti,  |c 2006 
300 |a 622 p. ;  |c 21 cm 
650 7 |a Letteratura  |x Sec. 19.-20. 
700 1 |a Chiarcossi, Graziella  |0 IT\ICCU\RAVV\026027 
700 1 |a Mauri, Paolo,  |d  (1945-2022)  |0 IT\ICCU\CFIV\041668 
830 0 |a Saggi  |0 IT\ICCU\RAV\0025970 
942 |2 ddc  |c BK  |n 0 
952 |0 0  |1 0  |4 0  |6 DOC_858_914000000000000_PAS  |7 0  |9 15202  |a BO  |b BO  |d 2026-01-15  |i 10852  |l 0  |o DOC 858.914 PAS  |p BO10852  |r 2026-01-15 23:19:00  |w 2026-01-15  |x [Sebina 5] [1 v.]  |y BK  |z 1 v. 
999 |c 13087  |d 13087